ბათუმის შოთა რუსთაველის სახელმწიფო უნივერსიტეტის ბიბლიოთეკა

საქართველოს ეროვნული ანტიკორუფციული სისტემის შეფასება, 2011 / (ბიბ.ჩანაწერი № 37624)

000 -ლიდერი
ფიქსირებული სიგრძის საკონტროლო ველი 01188nam a2200205Ia 4500
001 - საკონტროლო ნომერი
საკონტროლო ველი 3596
003 - საკონტროლო ნომრის იდენტიფიკატორი
საკონტროლო ველი GE_BSU
005 - ბოლო ოპერაციის თარიღი და დრო
საკონტროლო ველი 20190627144647.0
008 - ფიქსირებული სიგრძის მონაცემთა ელემენტები - ზოგადი ინფორმაცია
ფიქსირებული სიგრძის საკონტროლო ველი 181216s2011||||ge |||||||||||||| ||geo||
040 ## - კატალოგიზაციის წყარო
Transcribing agency GE_BSU
041 ## - ენის კოდი
Language code of text/sound track or separate title geo
080 ## - უნივერსალური ათობითი კლასიფიკაციის ინდექსი
Universal Decimal Classification number 324(479.22) ს–32
245 ## - ცნობა სათაურის შესახებ
Title საქართველოს ეროვნული ანტიკორუფციული სისტემის შეფასება, 2011 /
Statement of responsibility, etc მთ. მკვლევარი ერეკლე ურუშაძე ; პროექტის ხელმძღვ., რედ. და ტექსტ. ნაწ. ავტ. კეიტლინ რაიანი
264 ## - წარმოების, გამოცემის, დისტრიბუციის და სხვა ცნობები
გამოცემის, წარმოების, დისტრიბუციის... ადგილი თბილისი :
გამოცემის, წარმოების, დისტრიბუციის... სახელწოდება საერთაშორისო გამჭვირვალობა-საქართველო,
გამოცემის, წარმოების, დისტრიბუციის... თარიღი 2011.
300 ## - ფიზიკური აღწერა
Extent 245 გვ. ;
Other physical details 27 სმ.
653 ## - INDEX TERM--UNCONTROLLED
Uncontrolled term საქართველოს ანტიკორუფციული სისტემები
700 ## - ADDED ENTRY--PERSONAL NAME
Personal name ურუშაძე, ერეკლე
Relator term მკვლევარი
9 (RLIN) 1007
700 ## - ADDED ENTRY--PERSONAL NAME
Personal name რაიანი, კეიტლინ
Relator term რედაქტორი
9 (RLIN) 1961
942 ## - ADDED ENTRY ELEMENTS (KOHA)
Koha item type წიგნი
Source of classification or shelving scheme
ეგზემპლარები
ჩამოწერის სტატუსი დაკარგული ეგზემპლარის სტატუსი კლასიფიკაციის წყარო ან თაროზე გაწყობის სქემა დაზიანების სტატუსი არ გაიცემა მუდმივი მდებარეობა (დაცვის ადგილი) ამჟამინდელი ადგილსამყოფელი თაროზე განთავსების ადგილი შეძენის თარიღი სრული შენახვის შიფრი შტრიხკოდი ბოლო ოპერაციის თარიღი ეგზემპლარის მიმდევრობითი ნომერი (კეტერი?) ფასის ძალაში შესვლის თარიღი ეგზემპლარის სახეობა საჯარო შენიშვნა
          ბათუმის შოთა რუსთაველის სახელმწიფო უნივერსიტეტის მთავარი ბიბლიოთეკა ბათუმის შოთა რუსთაველის სახელმწიფო უნივერსიტეტის მთავარი ბიბლიოთეკა წიგნსაცავი 2018-12-17 324(479.22) ს–32 5238 2018-12-17 5238 2018-12-17 წიგნი
          ბათუმის შოთა რუსთაველის სახელმწიფო უნივერსიტეტის მთავარი ბიბლიოთეკა ბათუმის შოთა რუსთაველის სახელმწიფო უნივერსიტეტის მთავარი ბიბლიოთეკა წიგნსაცავი 2018-12-17 324(479.22) ს–32 5239 2018-12-17 5239 2018-12-17 წიგნი